TOP 10 Countries in: Buddhist Population - Statistics

General Stats
  • This quiz has been taken 263 times
  • The average score is 9 of 10
Answer Stats
Estimated Buddhist Population (2010) Country % Correct
244,130,000 China
100%
45,820,000 Japan
96%
9,250,000 India
95%
64,420,000 Thailand
94%
38,410,000 Myanmar
93%
14,380,000 Vietnam
93%
13,690,000 Cambodia
90%
11,050,000 South Korea
89%
5,010,000 Malaysia
87%
14,450,000 Sri Lanka
67%
No matching quizzes found
Score Distribution
Percent of People with Each Score
Percentile by Number Answered
Your Score History
You have not taken this quiz